Loading...
| Literature - British Literature | 0 | 4 | 1 | 0 | 35 | 98 | 130.00 | 0 | 1 |
| Social Science | 1 | 2 | 0 | 2 | 35 | 64 | 98.33 | 1 | 1 |
| Literature - American Literature | 1 | 2 | 1 | 0 | 30 | 34 | 110.33 | 0 | 1 |
| Other Academic | 1 | 1 | 0 | 0 | 25 | 74 | 92.50 | 0 | 1 |
| Literature - World Literature | 0 | 2 | 0 | 1 | 20 | 146 | 150.00 | 0 | 0 |
| Philosophy | 0 | 2 | 0 | 0 | 20 | 113 | 118.00 | 0 | 1 |
| Visual Arts | 0 | 2 | 0 | 1 | 20 | 130 | 134.00 | 0 | 1 |
| Science - Physics | 0 | 2 | 0 | 1 | 20 | 106 | 117.50 | 0 | 1 |
| Beliefs | 0 | 2 | 0 | 0 | 20 | 111 | 115.00 | 0 | 0 |
| History - World History | 1 | 0 | 0 | 1 | 15 | 55 | 55.00 | 0 | 1 |
| Science - Other Science | 0 | 2 | 1 | 0 | 15 | 111 | 120.00 | 0 | 1 |
| Literature - European Literature | 0 | 1 | 0 | 0 | 10 | 142 | 142.00 | 0 | 0 |
| Fine Arts - Other Arts | 0 | 1 | 0 | 0 | 10 | 127 | 127.00 | 0 | 0 |
| Geography | 0 | 1 | 0 | 0 | 10 | 134 | 134.00 | 0 | 0 |
| History - American History | 0 | 1 | 0 | 0 | 10 | 81 | 81.00 | 0 | 1 |
| History - Ancient History | 0 | 1 | 0 | 0 | 10 | 108 | 108.00 | 0 | 1 |
| History - European History | 0 | 1 | 0 | 1 | 10 | 129 | 129.00 | 0 | 0 |
| Auditory Arts | 0 | 1 | 0 | 0 | 10 | 98 | 98.00 | 0 | 1 |
| Science - Biology | 0 | 1 | 0 | 0 | 10 | 120 | 120.00 | 0 | 1 |
| Science - Chemistry | 0 | 0 | 1 | 0 | -5 | 0.00 | 0 | 0 |